banner-ar

DISCOVERY TO DELIVERY : (Record no. 7552)

MARC details
000 -الفاتح
حقل البيانات ثابتة الطول 00497nam a2200169Ia 4500
008 - عناصر البيانات ثابتة الطول - معلومات عامة
حقل البيانات ثابتة الطول 140319s9999 xx 000 0 eng d
040 ## - مصدر الفهرسة
وكالة الفهرسة الأصلية GCL /
وكالة النسخ GCL
082 04 - رقم تصنيف ديوى العشرى
رقم التصنيف 660.6
رقم المادة I D
100 1# - المدخل الرئيسى - إسم شخصى
الإسم الشخصى ISMAIL SERAGELDIN
245 10 - بيان العنوان
العنوان DISCOVERY TO DELIVERY :
بقية العنوان BIO VISION /
بيان المسئوليه,etc ISMAIL SERAGELDIN
260 ## - PUBLICATION, DISTRIBUTION, ETC. (IMPRINT)
تاريخ النشر أو التوزيع 2005
300 ## - الوصف المادى
التعداد 24CM ؛
أبعاد الوعاء 435P
650 04 - المدخل الاضافى بالموضوع-مصطلح موضوعى
مصطلح موضوعي BIOTECHNOLOGY - CONGRESSES
650 04 - المدخل الاضافى بالموضوع-مصطلح موضوعى
مصطلح موضوعي CROPS - GENETIC ENGINEERING
942 ## - عناصر المدخل الإضافي( كوها)
مصدر التصنيف او مخطط الترفيف Dewey Decimal Classification
Koha [default] item type كتاب
260 ## - PUBLICATION, DISTRIBUTION, ETC. (IMPRINT)
-- القاهرة :
-- BIBLIOTHECA ALEXANDRINE ،
Holdings
حالة التراجع حالة الفقد حالة تلف ليس للاعارة المكان المؤقت الموقع الحالى تاريخ الاكتساب اجمالي اﻻعارات رقم الطلب الباركود تاريخ اخر مشاهدة تاريخ تفعيل السعر نوع وعاء كوها
        مكتبة القاهرة الكبرى مكتبة القاهرة الكبرى 03/26/2014   660.6\I D 15567 03/26/2014 03/26/2014 كتاب

Powered By

EGPV